| 000 | 00917nam a2200265 a 4500 | ||
|---|---|---|---|
| 001 | 5372 | ||
| 003 | BD-RjUL | ||
| 005 | 20211208234045.0 | ||
| 008 | 131226r19611952enk 001 0 eng | ||
| 035 | _a(BD-RjUL)5408 | ||
| 040 |
_aDLC _cINL _dBD-RjUL _beng |
||
| 041 | _aeng | ||
| 082 | 0 | 4 |
_a368.22 _223 _bHUL 1961 |
| 100 | 1 |
_aHurd, Howard B. _916888 |
|
| 245 | 1 | 4 |
_aThe law and practice of marine insurance relating to collision damages and other liabilities to third parties / _cby Howard B. Hurd |
| 250 | _a2nd ed. | ||
| 260 |
_aLondon : _bPitman, _c1952 [Reprinted1961] |
||
| 300 |
_axxxiii, 214 p. ; _c25 cm. |
||
| 500 | _aIncludes index. | ||
| 650 | 0 |
_aMarine insurance _zGreat Britain. _916889 |
|
| 650 | 0 |
_aInsurance law _zGreat Britain. _915133 |
|
| 650 | 0 |
_aCollisions at sea. _916890 |
|
| 856 | _uhttp://www.worldcat.org/title/chemical-thermodynamics/oclc/636777141?referer=br&ht=edition | ||
| 942 |
_2ddc _cBK |
||
| 999 |
_c5372 _d5372 |
||